<?xml version="1.0" encoding="UTF-8"?>
<collection xmlns="http://www.loc.gov/MARC21/slim">
    <record>
        <controlfield tag="001">65193</controlfield>
        <controlfield tag="005">20180207125408.0</controlfield>
        <datafield tag="037" ind1=" " ind2=" ">
            <subfield code="a">TAZ-TFG-2017-1936</subfield>
        </datafield>
        <datafield tag="041" ind1=" " ind2=" ">
            <subfield code="a">spa</subfield>
        </datafield>
        <datafield tag="100" ind1="1" ind2=" ">
            <subfield code="a">Perales Sanz, Erika</subfield>
        </datafield>
        <datafield tag="242" ind1="0" ind2="0">
            <subfield code="a">The representation of the workers in the company: the double channel of representation, flexibility and groups of companies</subfield>
        </datafield>
        <datafield tag="245" ind1="0" ind2="0">
            <subfield code="a">La representación de los trabajadores en la empresa: el doble canal de representación, flexibilidad y grupos de empresas</subfield>
        </datafield>
        <datafield tag="260" ind1=" " ind2=" ">
            <subfield code="a">Zaragoza</subfield>
            <subfield code="b">Universidad de Zaragoza</subfield>
            <subfield code="c">2017</subfield>
        </datafield>
        <datafield tag="506" ind1=" " ind2=" ">
            <subfield code="a">by-nc-sa</subfield>
            <subfield code="b">Creative Commons</subfield>
            <subfield code="c">3.0</subfield>
            <subfield code="u">http://creativecommons.org/licenses/by-nc-sa/3.0/</subfield>
        </datafield>
        <datafield tag="520" ind1=" " ind2=" ">
            <subfield code="a">Este trabajo fin de grado va a tratar sobre las diferentes formas de representación de los trabajadores  en la empresa, de esta manera se va a tratar la regulación y el funcionamiento de la representación sindical, desglosando los diferentes entes que la componen, como funciona, como se crea, para que sirve y donde está regulada.  También se explicará la representación unitaria,  como funciona, de que elementos se compone y en que normas está recogida, todo esto precedido del contexto histórico  en el que se formó para situar al lector e introducirlo en la materia. Por otro lado también se va a abordar desde un marco de análisis jurídico los cambios que se han producido con la reforma laboral en el estatuto de los trabajadores y como han afectado a los trabajadores españoles. Y finalmente se va a hablar de las nuevas formas de empresa que se han ido  introduciendo en nuestro país en los últimos tiempos  y como afectan  a los  trabajadores, las empresas y a las propias representaciones, de manera que se explican algunos problemas que se producen para los trabajadores con estas novedosas formaciones empresariales.</subfield>
        </datafield>
        <datafield tag="521" ind1=" " ind2=" ">
            <subfield code="a">Graduado en Relaciones Laborales y Recursos Humanos</subfield>
        </datafield>
        <datafield tag="540" ind1=" " ind2=" ">
            <subfield code="a">Derechos regulados por licencia Creative Commons</subfield>
        </datafield>
        <datafield tag="700" ind1=" " ind2=" ">
            <subfield code="a">González Labrada, Manuel</subfield>
            <subfield code="e">dir.</subfield>
        </datafield>
        <datafield tag="710" ind1="2" ind2=" ">
            <subfield code="a">Universidad de Zaragoza</subfield>
            <subfield code="b">Derecho de la Empresa</subfield>
            <subfield code="c">Derecho del Trabajo y de la Seguridad Social</subfield>
        </datafield>
        <datafield tag="856" ind1="0" ind2=" ">
            <subfield code="f">612115@celes.unizar.es</subfield>
        </datafield>
        <datafield tag="856" ind1="4" ind2=" ">
            <subfield code="s">363809</subfield>
            <subfield code="u">http://zaguan.unizar.es/record/65193/files/TAZ-TFG-2017-1936.pdf</subfield>
            <subfield code="y">Memoria (spa)</subfield>
        </datafield>
        <datafield tag="909" ind1="C" ind2="O">
            <subfield code="o">oai:zaguan.unizar.es:65193</subfield>
            <subfield code="p">driver</subfield>
            <subfield code="p">trabajos-fin-grado</subfield>
        </datafield>
        <datafield tag="950" ind1=" " ind2=" ">
            <subfield code="a"></subfield>
        </datafield>
        <datafield tag="951" ind1=" " ind2=" ">
            <subfield code="a">deposita:2018-02-07</subfield>
        </datafield>
        <datafield tag="980" ind1=" " ind2=" ">
            <subfield code="a">TAZ</subfield>
            <subfield code="b">TFG</subfield>
            <subfield code="c">SOCIZ</subfield>
        </datafield>
    </record>

    
</collection>